What You Will Near Learn On The Internet (Record no. 300398)

MARC details
000 -LEADER
fixed length control field 00466nam a2200169Ia 4500
008 - FIXED-LENGTH DATA ELEMENTS--GENERAL INFORMATION
fixed length control field 230718s9999 xx 000 0 und d
041 ## - LANGUAGE CODE
Language code of text/sound track or separate title eng
082 ## - DEWEY DECIMAL CLASSIFICATION NUMBER
Classification number 004.678
Item number MC
100 ## - MAIN ENTRY--PERSONAL NAME
Personal name Mc Cormack M. H.
9 (RLIN) 166982
245 ## - TITLE STATEMENT
Title What You Will Near Learn On The Internet
260 ## - PUBLICATION, DISTRIBUTION, ETC. (IMPRINT)
Date of publication, distribution, etc. 2000
Name of publisher, distributor, etc. Harper And Rao
300 ## - PHYSICAL DESCRIPTION
Extent 218
Accompanying material [OBSOLETE, CAN/MARC] Ref 705 C (11604)
365 ## - TRADE PRICE
Currency code Rs.
Price amount 901.25
500 ## - GENERAL NOTE
Keywords 705 C
700 ## - ADDED ENTRY--PERSONAL NAME
Personal name Mc Cormack M H
9 (RLIN) 166982
906 ## - LOCAL DATA ELEMENT F, LDF (RLIN)
d B:481607-Jul-2000
c COMP
b 135
Holdings
Withdrawn status Lost status Source of classification or shelving scheme Reference No Damaged status Not for loan Home library Current library Date acquired Vendor Budget Code Cost, normal purchase price Bill number Full call number Barcode Date last seen Discount Cost, replacement price Bill Date Koha item type Original Barcode
    Dewey Decimal Classification Ref 705 C (11604)   Reference Cummins College of Engineering for Women Pune Cummins College of Engineering for Women Pune 17/07/2000 Tbs COMP 766.25 4816 004.678 CCEP-BK-11604 18/07/2023 135 901.25 07/07/2000 Books 011604